000 00596cam a22002053a 4500
001 45996
003 PGUSA
005 20140828084056.0
008 140616s2014||||xxu|||||s|||||000 | eng d
040 _aPGUSA
_beng
042 _adc
100 1 _aDieffenbach, Johann Friedrich
245 1 0 _aDer Aether gegen den Schmerz
_h[electronic resource] /
_cJohann Friedrich Dieffenbach
260 _bProject Gutenberg,
_c2014
506 _aPublic domain in the USA.
516 _aElectronic text
830 0 _aProject Gutenberg
_v45996
856 4 0 _uhttp://www.gutenberg.org/ebooks/45996
942 _cEB
999 _c275245
_d275245